000
00340nam a2200145Ia 4500
003
OSt
005
20240320110749.0
008
170524s9999 xx 000 0 und d
020
_a
9780195648195
040
_c
iimtu
100
_a
Ed. VERMA- S.K
245
0
_a
Oxford English Hindi Dctionary
260
_b
New Delhi: Oxford
942
_2
ddc
_c
02
999
_c
8570
_d
8570